| 000 | 01727nam a2200409Ia 4500 | ||
|---|---|---|---|
| 001 | ebr10428861 | ||
| 003 | CaPaEBR | ||
| 006 | m u | ||
| 007 | cr cn||||||||| | ||
| 008 | 100602s2010 msua sb s001 0 eng d | ||
| 010 | _z 2010022783 | ||
| 020 | _z9781604738247 (cloth : alk. paper) | ||
| 020 | _z9781604738254 (ebook) | ||
| 040 |
_aCaPaEBR _cCaPaEBR |
||
| 035 | _a(OCoLC)682623265 | ||
| 050 | 1 | 4 |
_aE185.97.R63 _bS95 2010eb |
| 082 | 0 | 4 |
_a782/.0092 _aB _222 |
| 100 | 1 |
_aSwindall, Lindsey R., _d1977- |
|
| 245 | 1 | 4 |
_aThe politics of Paul Robeson's Othello _h[electronic resource] / _cLindsey R. Swindall. |
| 260 |
_aJackson : _bUniversity Press of Mississippi, _c2010. |
||
| 300 |
_aviii, 233 p. : _bill. |
||
| 490 | 1 | _aMargaret Walker Alexander Series in African American Studies | |
| 504 | _aIncludes bibliographical references and index. | ||
| 533 |
_aElectronic reproduction. _bPalo Alto, Calif. : _cebrary, _d2011. _nAvailable via World Wide Web. _nAccess may be limited to ebrary affiliated libraries. |
||
| 600 | 1 | 0 |
_aRobeson, Paul, _d1898-1976 _xPolitical and social views. |
| 600 | 1 | 0 |
_aShakespeare, William, _d1564-1616. _tOthello. |
| 600 | 1 | 0 |
_aShakespeare, William, _d1564-1616 _xStage history. |
| 650 | 0 |
_aAfrican Americans _vBiography. |
|
| 650 | 0 | _aOthello (Fictitious character) | |
| 650 | 0 |
_aActing _xPolitical aspects. |
|
| 650 | 0 | _aAfrican American actors. | |
| 650 | 0 |
_aTheater _xPolitical aspects. |
|
| 655 | 7 |
_aElectronic books. _2local |
|
| 710 | 2 | _aebrary, Inc. | |
| 830 | 0 | _aMargaret Walker Alexander series in African American studies. | |
| 856 | 4 | 0 |
_uhttp://site.ebrary.com/lib/rucke/Doc?id=10428861 _zAn electronic book accessible through the World Wide Web; click to view |
| 999 |
_c232614 _d232614 |
||